| 000 | 00528nam a22001937a 4500 | ||
|---|---|---|---|
| 005 | 20251108172908.0 | ||
| 008 | 250721s9999 xx 000 0 ara d | ||
| 082 | 1 | 4 | _a922.609567/ جعد |
| 100 | 1 | _aالجعدي، عمر بن علي بن سمره | |
| 245 | 1 | 0 | _aطبقات فقهاء اليمن / |
| 264 | 1 |
_aبيروت : _bدار القلم، |
|
| 300 | _a326 ص | ||
| 650 | 1 | 7 | _aالفقهاء |
| 650 | 1 | 7 | _aالإسلام |
| 650 | 1 | 7 | _aالتراجم |
| 650 | 1 | 7 | _aاليمن |
| 942 |
_2ddc _cBK |
||
| 999 |
_c91175 _d91175 |
||